[Event "4NCL Division 2a"]
[Site "Hinckley Island ENG"]
[Date "2014.03.22"]
[Round "7.35"]
[White "Lunn, Matthew"]
[Black "Dilleigh, Stephen P"]
[Result "1/2-1/2"]
[WhiteElo "2039"]
[BlackElo "2146"]
[PlyCount "102"]
[EventDate "2014.03.22"]
[WhiteTeam "KJCA Kings"]
[BlackTeam "Bristol 1"]

1. d4 e6 2. c4 Nf6 3. Nc3 Bb4 4. Qc2 O-O 5. e4 d5 6. e5 Ne4 7. Bd3 c5 8. cxd5
exd5 9. Nge2 cxd4 10. Nxd4 Nd7 11. f4 Ndc5 12. O-O Nxd3 13. Qxd3 Bxc3 14. bxc3
Qa5 15. Be3 Qxc3 16. Qxc3 Nxc3 17. Rfc1 Ne4 18. Nb5 b6 19. Nc7 Rb8 20. Nxd5 Re8
21. Rc7 Bb7 22. Ne7+ Kf8 23. Nf5 Bc8 24. Nd4 Rb7 25. Rac1 Nc5 26. Rxb7 Bxb7 27.
Nf5 Rc8 28. Nd6 Rc7 29. Bxc5 bxc5 30. Kf2 Bd5 31. a4 a6 32. g4 g6 33. Ke3 Ke7
34. Ne4 Be6 35. Rxc5 Rb7 36. h3 h5 37. gxh5 gxh5 38. h4 Rb3+ 39. Rc3 Rb4 40. a5
Ra4 41. Rc7+ Kd8 42. Rc5 Ke7 43. Nc3 Ra1 44. Nd5+ Kd8 45. Nf6 Ra3+ 46. Kd2 Ra2+
47. Rc2 Rxa5 48. Nxh5 Ra4 49. Ke3 Ra3+ 50. Ke4 Ra4+ 51. Ke3 Ra3+ 1/2-1/2

[Event "4NCL Division 2a"]
[Site "Hinckley Island ENG"]
[Date "2014.03.22"]
[Round "7.36"]
[White "Slade, Theo"]
[Black "Maguire, Robert"]
[Result "1/2-1/2"]
[WhiteElo "1805"]
[BlackElo "1977"]
[PlyCount "92"]
[EventDate "2014.03.22"]
[WhiteTeam "Bristol 1"]
[BlackTeam "KJCA Kings"]

1. d4 Nf6 2. Bg5 e6 3. e4 h6 4. Bxf6 Qxf6 5. c3 d6 6. Nf3 Nd7 7. Bd3 c6 8. O-O
g5 9. Nbd2 Bg7 10. Nc4 Qe7 11. Ne3 Nf6 12. Re1 e5 13. Nd2 Qc7 14. Ndf1 exd4 15.
cxd4 Ng8 16. Bc4 Ne7 17. Ng3 Be6 18. Bxe6 fxe6 19. Qh5+ Kd7 20. Qf7 Bxd4 21.
Nef5 exf5 22. Nxf5 Bxf2+ 23. Kxf2 Rae8 24. Kg1 Kc8 25. Qe6+ Kb8 26. Nxd6 Ref8
27. Rad1 Nc8 28. e5 Ne7 29. Kh1 Nd5 30. Rxd5 cxd5 31. Qxd5 Rf2 32. e6 Rhf8 33.
Nf7 R2xf7 34. exf7 Qxf7 35. Qxf7 Rxf7 36. Kg1 Rf6 37. Rc1 b6 38. g4 Kb7 39. Kg2
a5 40. h3 b5 41. Rf1 Rxf1 42. Kxf1 Kc6 43. Ke2 Kc5 44. Ke3 Kc4 45. Ke2 a4 46.
Ke3 b4 1/2-1/2

[Event "4NCL Division 2a"]
[Site "Hinckley Island ENG"]
[Date "2014.03.22"]
[Round "7.41"]
[White "Strugnell, Carl P"]
[Black "Lock, Gavin R"]
[Result "1/2-1/2"]
[WhiteElo "2281"]
[BlackElo "2175"]
[PlyCount "88"]
[EventDate "2014.03.22"]
[WhiteTeam "Rhyfelwyr Essyllwg"]
[BlackTeam "Wessex"]

1. e4 e6 2. d4 d5 3. Nc3 Nc6 4. Nf3 Nf6 5. e5 Ne4 6. Bd3 Bb4 7. Bd2 Nxd2 8.
Qxd2 f6 9. a3 Bxc3 10. Qxc3 fxe5 11. dxe5 O-O 12. h4 h6 13. O-O-O Bd7 14. Rh3
Rf4 15. Qd2 Rg4 16. Rg3 Rxg3 17. fxg3 Qe7 18. c4 dxc4 19. Bb1 Be8 20. Qc2 g6
21. Qxc4 Rd8 22. Rxd8 Nxd8 23. Qf4 Qf8 24. Qd2 Nc6 25. Ba2 Bf7 26. Kb1 Kg7 27.
Qf4 Bg8 28. Bb3 a6 29. Bc2 Ne7 30. Qb4 b5 31. Qc5 Qd8 32. g4 Bf7 33. g5 h5 34.
Nd4 Nd5 35. Be4 Nb6 36. Nc6 Qd2 37. Bc2 Qe1+ 38. Ka2 Qxh4 39. Bb3 Qxg5 40. Nd4
Nc4 41. Bxc4 bxc4 42. Qxc7 Qe3 43. Nxe6+ Kh6 44. Qxf7 Qb3+ 1/2-1/2

[Event "4NCL Division 2a"]
[Site "Hinckley Island ENG"]
[Date "2014.03.22"]
[Round "7.42"]
[White "Rutter, Nick J"]
[Black "Kett, Timothy J"]
[Result "1/2-1/2"]
[WhiteElo "2169"]
[BlackElo "2234"]
[PlyCount "150"]
[EventDate "2014.03.22"]
[WhiteTeam "Wessex"]
[BlackTeam "Rhyfelwyr Essyllwg"]

1. e4 e5 2. Nf3 Nc6 3. d4 exd4 4. Nxd4 Nf6 5. Nxc6 bxc6 6. Qe2 Bc5 7. e5 Nd5 8.
Qg4 g6 9. c4 Nb4 10. Qe2 O-O 11. a3 Na6 12. Nd2 d6 13. Ne4 dxe5 14. Bh6 Bf5 15.
Bxf8 Qxf8 16. g4 Bxe4 17. Qxe4 Bd4 18. Qc2 Rb8 19. Rb1 Nc5 20. b4 Ne6 21. Bg2
c5 22. b5 Qh6 23. Rb3 Bxf2+ 24. Kxf2 Nd4 25. Qd3 Qf4+ 26. Ke1 e4 27. Qd2 Qxd2+
28. Kxd2 Nxb3+ 29. Kc3 Nd4 30. Bxe4 f5 31. gxf5 gxf5 32. Rg1+ Kf7 33. Bd5+ Kf6
34. Kd3 Re8 35. Rg2 h5 36. h4 Re1 37. Rg5 Ra1 38. Rxh5 Rxa3+ 39. Kd2 Ke5 40.
Rh7 Ra2+ 41. Kd1 Nxb5 42. cxb5 Kxd5 43. Rxc7 Kc4 44. h5 Kxb5 45. Rf7 Rh2 46.
Rxf5 a5 47. Kc1 a4 48. Kb1 Kb4 49. h6 Rxh6 50. Rf4+ c4 51. Rf3 Rh1+ 52. Ka2
Rh2+ 53. Kb1 a3 54. Rf8 Kb3 55. Rb8+ Kc3 56. Rg8 Rb2+ 57. Ka1 Rd2 58. Kb1 Rd1+
59. Ka2 Kc2 60. Rg3 c3 61. Rh3 Re1 62. Kxa3 Kd2 63. Rh2+ Re2 64. Rh1 Re1 65.
Rh2+ Kd3 66. Rh3+ Kc2 67. Rh2+ Kd3 68. Rh3+ Re3 69. Rh2 Re8 70. Rh3+ Kd4 71.
Kb3 Rb8+ 72. Kc2 Rb2+ 73. Kc1 Rg2 74. Rh8 Rg4 75. Kc2 Rg2+ 1/2-1/2

[Event "4NCL Division 2a"]
[Site "Hinckley Island ENG"]
[Date "2014.03.22"]
[Round "7.43"]
[White "Trevelyan, John"]
[Black "Simons, Martin J"]
[Result "1/2-1/2"]
[WhiteElo "2122"]
[BlackElo "2096"]
[PlyCount "91"]
[EventDate "2014.03.22"]
[WhiteTeam "Rhyfelwyr Essyllwg"]
[BlackTeam "Wessex"]

1. d4 c5 2. d5 Nf6 3. Nc3 Qa5 4. f3 b5 5. e4 b4 6. Nb1 d6 7. c4 bxc3 8. Nxc3
Ba6 9. Qa4+ Qxa4 10. Nxa4 Bxf1 11. Kxf1 g6 12. Be3 Bg7 13. Ne2 O-O 14. Nec3
Nbd7 15. Ke2 Rab8 16. Rad1 Rb4 17. b3 Rc8 18. Bc1 Ne8 19. Ba3 Rb7 20. Rb1 Nc7
21. Rhc1 Na6 22. Nd1 Rcb8 23. Ne3 Nc7 24. Nc4 Nb5 25. Bb2 Bxb2 26. Naxb2 Nb6
27. Na5 Rc7 28. Nc6 Rbc8 29. a4 Nd4+ 30. Nxd4 cxd4 31. Rxc7 Rxc7 32. Kd2 a5 33.
Rc1 Rb7 34. Nd3 Kf8 35. Rc6 Ke8 36. b4 axb4 37. a5 Na4 38. a6 Ra7 39. Nxb4 Nc5
40. Rb6 Kd7 41. Nc6 Kc7 42. Nxa7 Kxb6 43. Nc8+ Kxa6 44. Nxe7 Kb5 45. Nc8 Nb7
46. Kd3 1/2-1/2

[Event "4NCL Division 2a"]
[Site "Hinckley Island ENG"]
[Date "2014.03.22"]
[Round "7.44"]
[White "de Coverly, Roger D"]
[Black "Young, Alan"]
[Result "0-1"]
[WhiteElo "2017"]
[BlackElo "2019"]
[PlyCount "66"]
[EventDate "2014.03.22"]
[WhiteTeam "Wessex"]
[BlackTeam "Rhyfelwyr Essyllwg"]

1. e4 e5 2. Nf3 Nc6 3. Bb5 a6 4. Ba4 Nf6 5. O-O Be7 6. Re1 b5 7. Bb3 O-O 8. d4
Nxd4 9. Bxf7+ Rxf7 10. Nxe5 Rf8 11. Qxd4 c5 12. Qd1 Qc7 13. Nf3 Bb7 14. Nc3
Rae8 15. e5 Ng4 16. Nd5 Qc6 17. h3 Nh6 18. Nxe7+ Rxe7 19. Bxh6 Qxh6 20. Qd6 Re6
21. Qd2 Qh5 22. Ng5 Rg6 23. f4 h6 24. Qxd7 hxg5 25. f5 Bc6 26. Qd3 c4 27. Qf1
g4 28. fxg6 Rxf1+ 29. Kxf1 Qf5+ 30. Ke2 Qxc2+ 31. Ke3 Qe4+ 32. Kd2 Qd3+ 33. Kc1
Be4 0-1

[Event "4NCL Division 2a"]
[Site "Hinckley Island ENG"]
[Date "2014.03.22"]
[Round "7.45"]
[White "Hewitt, William AR"]
[Black "Pleasants, Allan J"]
[Result "1-0"]
[WhiteElo "2042"]
[BlackElo "2052"]
[PlyCount "57"]
[EventDate "2014.03.22"]
[WhiteTeam "Rhyfelwyr Essyllwg"]
[BlackTeam "Wessex"]

1. e4 c5 2. Nf3 d6 3. d4 cxd4 4. Nxd4 Nf6 5. Nc3 a6 6. Bg5 e6 7. f4 Nbd7 8. Qf3
Qc7 9. O-O-O b5 10. e5 Bb7 11. Qh3 dxe5 12. Nxe6 fxe6 13. Qxe6+ Be7 14. Bxb5
O-O-O 15. Bxd7+ Rxd7 16. fxe5 Nd5 17. Nxd5 Bxd5 18. Rxd5 Bxg5+ 19. Kb1 Qb7 20.
Rhd1 Rhd8 21. R1d3 Be7 22. Rc3+ Kb8 23. Rb3 Qxb3 24. axb3 Rxd5 25. Qxe7 Rd1+
26. Ka2 R8d5 27. b4 R5d2 28. Qf8+ Kb7 29. Qxg7+ 1-0

[Event "4NCL Division 2a"]
[Site "Hinckley Island ENG"]
[Date "2014.03.22"]
[Round "7.46"]
[White "Gregory, Keith DF"]
[Black "Bullen, Alex"]
[Result "1-0"]
[WhiteElo "2028"]
[BlackElo "2024"]
[PlyCount "69"]
[EventDate "2014.03.22"]
[WhiteTeam "Wessex"]
[BlackTeam "Rhyfelwyr Essyllwg"]

1. Nf3 d5 2. c4 e6 3. g3 Nf6 4. Bg2 dxc4 5. Na3 Bxa3 6. bxa3 a6 7. Bb2 O-O 8.
Qc2 b5 9. Ng5 e5 10. Bxa8 h6 11. Nf3 c6 12. Nxe5 Qd5 13. f3 Re8 14. Qc3 Bf5 15.
O-O Qc5+ 16. Rf2 Qb6 17. e4 Be6 18. d4 cxd3 19. Bxc6 Rc8 20. Rc1 d2 21. Qxd2
Nxc6 22. Qd6 Bc4 23. Nxc4 bxc4 24. Rxc4 Ne8 25. Qc5 Qd8 26. Qd5 Qb6 27. Kg2 Ne7
28. Qd4 Qb7 29. Rxc8 Qxc8 30. Qc3 Qe6 31. Qb3 Qd6 32. Qb4 Qe6 33. Rd2 Ng6 34.
Rd8 Ne5 35. Qb8 1-0

[Event "4NCL Division 2a"]
[Site "Hinckley Island ENG"]
[Date "2014.03.22"]
[Round "7.47"]
[White "Kostanjsek, Luke"]
[Black "Gill, Oliver"]
[Result "0-1"]
[WhiteElo "1960"]
[BlackElo "2009"]
[PlyCount "64"]
[EventDate "2014.03.22"]
[WhiteTeam "Rhyfelwyr Essyllwg"]
[BlackTeam "Wessex"]

1. d4 Nc6 2. c4 e5 3. Nf3 e4 4. Nfd2 f5 5. e3 Nf6 6. Nc3 Bb4 7. Qc2 O-O 8. a3
Bxc3 9. Qxc3 a5 10. b3 d5 11. Bb2 Ne7 12. f3 c6 13. O-O-O a4 14. b4 dxc4 15.
Nxc4 Ned5 16. Qd2 Be6 17. Ne5 Nd7 18. f4 Nxe5 19. dxe5 Qe7 20. Bd4 b6 21. Bc4
Rfd8 22. Qa2 c5 23. Bxc5 bxc5 24. Bxd5 Rxd5 25. Rxd5 cxb4 26. axb4 Rc8+ 27. Kd1
Qf7 28. Qc2 Qb7 29. Qxc8+ Qxc8 30. Rd4 Bb3+ 31. Ke2 Qc2+ 32. Rd2 Bc4+ 0-1

[Event "4NCL Division 2a"]
[Site "Hinckley Island ENG"]
[Date "2014.03.22"]
[Round "7.48"]
[White "Zhou, Yang-Jian"]
[Black "Hatchett, Paul D"]
[Result "1-0"]
[WhiteElo "1712"]
[BlackElo "1992"]
[PlyCount "109"]
[EventDate "2014.03.22"]
[WhiteTeam "Wessex"]
[BlackTeam "Rhyfelwyr Essyllwg"]

1. c4 c5 2. Nc3 Nc6 3. g3 g6 4. Bg2 Bg7 5. Nf3 e5 6. O-O Nge7 7. Ne1 d6 8. Nc2
O-O 9. Ne3 f5 10. Ned5 Rb8 11. d3 Be6 12. a3 a6 13. b4 b5 14. Bg5 h6 15. Nxe7+
Nxe7 16. Bxe7 Qxe7 17. Nd5 Qf7 18. Rc1 bxc4 19. dxc4 e4 20. Nf4 Bb2 21. Qxd6
Bxc1 22. Nxe6 Rfe8 23. Rxc1 Qxe6 24. Qxc5 Red8 25. Qe3 Rd7 26. Qxh6 Rbd8 27. h4
Rd2 28. h5 R8d6 29. c5 gxh5 30. Qxh5 Qg6 31. Qxg6+ Rxg6 32. e3 Rc6 33. Bh3 Rd5
34. Kf1 Kg7 35. Ke1 Kf6 36. Bf1 Ke5 37. a4 a5 38. Bc4 Rd8 39. Bb5 Rh6 40. bxa5
Rh1+ 41. Bf1 Rc8 42. a6 Kd5 43. Kd2 Rh2 44. Bc4+ Kc6 45. Ke2 Rc7 46. Bb5+ Kd5
47. c6 Rhh7 48. Rd1+ Kc5 49. Rd7 Kb6 50. Rd5 Rhf7 51. Re5 Rf6 52. Re8 Rff7 53.
Rb8+ Ka7 54. Rb7+ Ka8 55. Bc4 1-0

[Event "4NCL Division 2b"]
[Site "Hinckley Island ENG"]
[Date "2014.01.12"]
[Round "4.51"]
[White "Gantner, Matthias"]
[Black "Cooper, John G"]
[Result "1-0"]
[WhiteElo "2250"]
[BlackElo "2334"]
[PlyCount "85"]
[EventDate "2014.01.12"]
[WhiteTeam "White Rose 2"]
[BlackTeam "South Wales Dragons"]

1. e4 c5 2. Nf3 e6 3. d4 cxd4 4. Nxd4 Nf6 5. Nc3 d6 6. g4 h6 7. h4 Be7 8. Rg1
d5 9. g5 Nxe4 10. gxh6 gxh6 11. Bb5+ Bd7 12. Nxe6 Qb6 13. Bxd7+ Nxd7 14. Ng7+
Kd8 15. Be3 Bc5 16. Nxd5 Qa5+ 17. c3 Bxe3 18. Nxe3 Qe5 19. Ngf5 Rc8 20. Qd5
Qxd5 21. Nxd5 Rc6 22. O-O-O Re8 23. f4 h5 24. Rg7 Nf2 25. Rd4 Rg6 26. Rxf7 Rg1+
27. Kc2 Re2+ 28. Kb3 Rd1 29. Nf6 Rxd4 30. Nxd4 Re7 31. Rxe7 Kxe7 32. Nxh5 Ne4
33. f5 Ne5 34. Nf4 Nc5+ 35. Kc2 Nc4 36. b4 Nd7 37. Kd3 Nde5+ 38. Ke4 a6 39.
Ng6+ Kf6 40. Nxe5 Nxe5 41. Ne6 Nc4 42. Nc5 Nd6+ 43. Kd5 1-0

[Event "4NCL Division 2b"]
[Site "Hinckley Island ENG"]
[Date "2014.01.12"]
[Round "4.52"]
[White "Dineley, Richard DP"]
[Black "Adams, David M"]
[Result "1/2-1/2"]
[WhiteElo "2253"]
[BlackElo "2215"]
[PlyCount "72"]
[EventDate "2014.01.12"]
[WhiteTeam "South Wales Dragons"]
[BlackTeam "White Rose 2"]

1. e4 d6 2. d4 Nf6 3. Nc3 e5 4. Nf3 Nbd7 5. Bc4 Be7 6. O-O O-O 7. Re1 c6 8. a4
b6 9. b3 a6 10. Bb2 Rb8 11. Bd3 Re8 12. Ne2 Bf8 13. Ng3 Qc7 14. c4 g6 15. Qd2
Bg7 16. Rad1 Bb7 17. Bc2 Rbd8 18. d5 c5 19. Bd3 a5 20. Bc1 Nb8 21. Bb1 Bc8 22.
h3 h6 23. Qe2 Kf8 24. Rf1 Ke7 25. Nh2 Rh8 26. f4 Nbd7 27. Nf3 Nh7 28. Bb2 f6
29. Nh4 Ndf8 30. Rf2 Ke8 31. fxe5 dxe5 32. Rdf1 Qe7 33. Nf3 Ng5 34. Kh1 Nxf3
35. Qxf3 h5 36. Ne2 Bg4 1/2-1/2

[Event "4NCL Division 2b"]
[Site "Hinckley Island ENG"]
[Date "2014.01.12"]
[Round "4.53"]
[White "Weller, Pierre"]
[Black "Zeidler, Sven P"]
[Result "0-1"]
[WhiteElo "2130"]
[BlackElo "2240"]
[PlyCount "50"]
[EventDate "2014.01.12"]
[WhiteTeam "White Rose 2"]
[BlackTeam "South Wales Dragons"]

1. d4 f5 2. Bg5 h6 3. Bd2 Nf6 4. Nc3 Nc6 5. e4 d6 6. d5 Ne5 7. f4 Nf7 8. Nf3
fxe4 9. Nd4 c6 10. Ne6 Qd7 11. Nb5 Nxd5 12. Ba5 Qxe6 13. Qxd5 Qxd5 14. Nc7+ Kd7
15. Nxd5 cxd5 16. Bb5+ Ke6 17. Bc3 h5 18. O-O Kf5 19. h3 h4 20. Rad1 Kg6 21.
Rxd5 Bf5 22. Rxf5 Kxf5 23. Bd7+ e6 24. Rd1 Rd8 25. Rd5+ Ne5 0-1

[Event "4NCL Division 2b"]
[Site "Hinckley Island ENG"]
[Date "2014.01.12"]
[Round "4.54"]
[White "Redmond, John P"]
[Black "Arnott, Jonathan W"]
[Result "1/2-1/2"]
[WhiteElo "2241"]
[BlackElo "2164"]
[PlyCount "91"]
[EventDate "2014.01.12"]
[WhiteTeam "South Wales Dragons"]
[BlackTeam "White Rose 2"]

1. d4 e6 2. c4 b6 3. Nc3 Bb4 4. Qb3 Qe7 5. a3 Bxc3+ 6. Qxc3 f5 7. Nh3 Nf6 8. f3
Bb7 9. e3 O-O 10. Be2 d6 11. O-O Nbd7 12. b4 c5 13. dxc5 dxc5 14. b5 a5 15. Bb2
Rad8 16. Rad1 Rfe8 17. Rd2 Nf8 18. Rfd1 Ng6 19. Nf4 Bc8 20. Nxg6 hxg6 21. Rd3
Kf7 22. Qd2 Rxd3 23. Qxd3 e5 24. Qd6 Qxd6 25. Rxd6 Re6 26. Rd8 Bd7 27. Kf2 Ke7
28. Rb8 g5 29. h3 Be8 30. Bd3 Nd7 31. Ra8 g6 32. Bc2 Kd6 33. Ra7 Bf7 34. Bc3
Re8 35. Bd3 Bg8 36. a4 Bf7 37. Ke2 e4 38. fxe4 fxe4 39. Bc2 Bxc4+ 40. Kf2 Bd3
41. Bd1 Ne5 42. Rb7 Nc4 43. Rf7 Ne5 44. Rb7 Nc4 45. Rf7 Ne5 46. Rb7 1/2-1/2

[Event "4NCL Division 2b"]
[Site "Hinckley Island ENG"]
[Date "2014.01.12"]
[Round "4.55"]
[White "Gayson, Peter M"]
[Black "Morris, Charles F"]
[Result "1-0"]
[WhiteElo "2183"]
[BlackElo "2170"]
[PlyCount "47"]
[EventDate "2014.01.12"]
[WhiteTeam "White Rose 2"]
[BlackTeam "South Wales Dragons"]

1. e4 e6 2. d4 d5 3. Nd2 Nf6 4. e5 Nfd7 5. Bd3 c5 6. c3 Nc6 7. Ne2 cxd4 8. cxd4
f6 9. exf6 Nxf6 10. Nf3 Qc7 11. O-O Bd6 12. g3 O-O 13. Bf4 Bd7 14. Rc1 Be8 15.
Bxd6 Qxd6 16. Nf4 Ne4 17. Bxe4 dxe4 18. Ng5 Rxf4 19. gxf4 Qxf4 20. Nxe6 Qf5 21.
Nc7 Bh5 22. Qb3+ Bf7 23. Rc5 Qf6 24. Qxb7 1-0

[Event "4NCL Division 2b"]
[Site "Hinckley Island ENG"]
[Date "2014.01.12"]
[Round "4.56"]
[White "Jameson, David"]
[Black "Shaw, Peter"]
[Result "1/2-1/2"]
[WhiteElo "2126"]
[BlackElo "2165"]
[PlyCount "99"]
[EventDate "2014.01.12"]
[WhiteTeam "South Wales Dragons"]
[BlackTeam "White Rose 2"]

1. e4 e6 2. d4 d5 3. Nd2 Nf6 4. e5 Nfd7 5. c3 c5 6. Bd3 Nc6 7. Ne2 cxd4 8. cxd4
f6 9. Nf4 Nxd4 10. Qh5+ Ke7 11. exf6+ Nxf6 12. Ng6+ hxg6 13. Qxh8 Kf7 14. O-O
e5 15. Nb3 Nf5 16. Bg5 b6 17. Rac1 Bb7 18. Bxf5 gxf5 19. Rfe1 Bd6 20. Qh3 Qd7
21. Bxf6 Kxf6 22. Rc3 Rg8 23. Qh7 Qf7 24. Rec1 d4 25. Nxd4 exd4 26. Qh4+ Kg6
27. Qxd4 Qf6 28. Qxf6+ Kxf6 29. Rd3 Bc5 30. Rd7 Be4 31. a3 a5 32. Kf1 Bc6 33.
Rd2 Re8 34. h3 Bb5+ 35. Kg1 Re4 36. g3 g5 37. Kg2 Bc6 38. Kf1 Re6 39. Kg1 Kf7
40. Kh2 a4 41. Rcd1 Bf3 42. Rc1 Re2 43. Rxe2 Bxe2 44. Kg2 Bd3 45. Rd1 Bc4 46.
Rd2 Ke6 47. h4 g4 48. f4 b5 49. Rd1 Ke7 50. Rd2 1/2-1/2

[Event "4NCL Division 2b"]
[Site "Hinckley Island ENG"]
[Date "2014.01.12"]
[Round "4.57"]
[White "Burnett, Jim"]
[Black "James, David J"]
[Result "1/2-1/2"]
[WhiteElo "2138"]
[BlackElo "2166"]
[PlyCount "95"]
[EventDate "2014.01.12"]
[WhiteTeam "White Rose 2"]
[BlackTeam "South Wales Dragons"]

1. d4 Nf6 2. c4 e6 3. Nf3 b6 4. a3 Ba6 5. Qc2 Bb7 6. Nc3 c5 7. e4 cxd4 8. Nxd4
Nc6 9. Nf3 Bc5 10. Bd3 Nd4 11. Nxd4 Bxd4 12. O-O Bxc3 13. Qxc3 h6 14. e5 Ne4
15. Qd4 f5 16. b4 Ng5 17. Be2 Qe7 18. Bh5+ Nf7 19. Rd1 Rd8 20. a4 O-O 21. b5
Kh7 22. Bxf7 Qxf7 23. f3 Rfe8 24. Re1 g5 25. a5 bxa5 26. Rxa5 a6 27. Qa7 Rb8
28. Ba3 axb5 29. Rxb5 Ra8 30. Qxb7 Rxa3 31. Rd1 Re7 32. Qc8 g4 33. Rb8 Qg7 34.
f4 g3 35. h3 Kg6 36. Qc5 Rc3 37. Qd4 Ra3 38. Rd3 Rxd3 39. Qxd3 Kf7 40. Rb3 Qg8
41. Qxg3 Qxg3 42. Rxg3 Re8 43. Rd3 Ke7 44. Kf2 Rc8 45. Rd4 Ra8 46. Rd3 Ra2+ 47.
Kg3 Rc2 48. Rf3 1/2-1/2

[Event "4NCL Division 2b"]
[Site "Hinckley Island ENG"]
[Date "2014.01.12"]
[Round "4.58"]
[White "Lochte, Szilvia"]
[Black "Lewyk, Ihor"]
[Result "1/2-1/2"]
[WhiteElo "1951"]
[BlackElo "2067"]
[PlyCount "89"]
[EventDate "2014.01.12"]
[WhiteTeam "South Wales Dragons"]
[BlackTeam "White Rose 2"]

1. d4 Nf6 2. Nf3 g6 3. Bg5 Bg7 4. Nbd2 d5 5. e3 O-O 6. Bd3 Nbd7 7. O-O c5 8. c3
Re8 9. Re1 Qb6 10. Rb1 e5 11. dxe5 Nxe5 12. Nxe5 Rxe5 13. Bf4 Re8 14. h3 Be6
15. Qa4 Bd7 16. Qd1 Rad8 17. Bc2 Qc6 18. Bg5 b5 19. Qf3 Rc8 20. Rbd1 Ne4 21.
Nxe4 dxe4 22. Bxe4 Rxe4 23. Rxd7 Qxd7 24. Qxe4 f6 25. Bh4 Kf7 26. Qc2 Rd8 27.
e4 Qd2 28. Qb1 Rd7 29. f3 c4 30. Bf2 b4 31. Bd4 Bf8 32. Rd1 Qf4 33. Kf1 Bd6 34.
Qc2 Rc7 35. Qf2 bxc3 36. Bxc3 Bc5 37. Qd2 Qh2 38. Qd5+ Kg7 39. Bd4 Qh1+ 40. Ke2
Qxg2+ 41. Ke3 Bxd4+ 42. Rxd4 c3 43. Qd8 Qg5+ 44. Kf2 Qc5 45. bxc3 1/2-1/2

[Event "4NCL Division 2b"]
[Site "Hinckley Island ENG"]
[Date "2014.01.12"]
[Round "4.61"]
[White "Holland, James P"]
[Black "Richardson, John R"]
[Result "1-0"]
[WhiteElo "2255"]
[BlackElo "2333"]
[PlyCount "57"]
[EventDate "2014.01.12"]
[WhiteTeam "BCM Dragons (1)"]
[BlackTeam "The AD's"]

1. Nf3 Nf6 2. c4 e6 3. d4 d5 4. Nc3 Bb4 5. cxd5 exd5 6. Bf4 Ne4 7. Rc1 c5 8.
dxc5 Nc6 9. e3 Qa5 10. Bd3 Bxc3+ 11. bxc3 Nxc3 12. Qd2 Nxa2 13. Qxa5 Nxa5 14.
Ra1 Nb4 15. Bb5+ Nac6 16. Kd2 O-O 17. Rhb1 Bf5 18. Bxc6 Bxb1 19. Bxb7 Bf5 20.
Nd4 Be6 21. Bd6 Rfd8 22. Bxa8 Rxa8 23. c6 Nxc6 24. Nxc6 a6 25. Kd3 f6 26. Kd4
Kf7 27. Ra5 g5 28. Nb4 Rc8 29. Bc5 1-0

[Event "4NCL Division 2b"]
[Site "Hinckley Island ENG"]
[Date "2014.01.12"]
[Round "4.62"]
[White "Wheeler, Darren P"]
[Black "Cooksey, Paul S"]
[Result "1-0"]
[WhiteElo "2273"]
[BlackElo "2310"]
[PlyCount "57"]
[EventDate "2014.01.12"]
[WhiteTeam "The AD's"]
[BlackTeam "BCM Dragons (1)"]

1. e4 c6 2. d4 d5 3. exd5 cxd5 4. c4 Nf6 5. Nc3 Nc6 6. Nf3 Bg4 7. Be2 e6 8. c5
Be7 9. h3 Bxf3 10. Bxf3 O-O 11. Be3 b6 12. Qa4 Rc8 13. Rd1 bxc5 14. dxc5 Qc7
15. b4 a5 16. b5 d4 17. Bxc6 dxe3 18. fxe3 Qg3+ 19. Ke2 Bxc5 20. Qf4 Qg6 21.
Kf3 Ba7 22. g4 Bb8 23. Qd4 h5 24. Rhg1 e5 25. Qd3 Qg5 26. Qf5 Qh4 27. gxh5 Nxh5
28. Ne4 g6 29. Qg4 1-0

[Event "4NCL Division 2b"]
[Site "Hinckley Island ENG"]
[Date "2014.01.12"]
[Round "4.63"]
[White "Thompson, Ian D"]
[Black "Snape, Ian L"]
[Result "0-1"]
[WhiteElo "2228"]
[BlackElo "2247"]
[PlyCount "88"]
[EventDate "2014.01.12"]
[WhiteTeam "BCM Dragons (1)"]
[BlackTeam "The AD's"]

1. c4 Nf6 2. Nc3 g6 3. g3 Bg7 4. Bg2 O-O 5. Nf3 d6 6. O-O Nc6 7. d3 e5 8. Rb1
a5 9. a3 h6 10. b4 axb4 11. axb4 Be6 12. b5 Ne7 13. Bb2 Qd7 14. Re1 Bh3 15. Bh1
Ng4 16. Qb3 Kh8 17. Nd2 Rab8 18. Ra1 f5 19. Ra7 f4 20. Nde4 Nf5 21. Nd5 g5 22.
Rea1 Nxf2 23. Nxf2 fxg3 24. Ne4 g2 25. Bxg2 Bxg2 26. Kxg2 Nh4+ 27. Kg3 Qf7 28.
Qd1 Qh5 29. Ne3 Ng6 30. Ng2 Nf4 31. h4 gxh4+ 32. Kh2 Nxe2 33. Bc1 Rf3 34. R1a2
Nd4 35. Be3 Qg4 36. Bxd4 exd4 37. Rf2 Rbf8 38. Rxf3 Rxf3 39. Qe1 Be5+ 40. Kg1
h3 41. Ra8+ Kh7 42. Ra2 Rxd3 43. Re2 Rf3 44. Nd2 Rg3 0-1

[Event "4NCL Division 2b"]
[Site "Hinckley Island ENG"]
[Date "2014.01.12"]
[Round "4.64"]
[White "Swindells, Jonathan E"]
[Black "Frostick, Clive A"]
[Result "1/2-1/2"]
[WhiteElo "2150"]
[BlackElo "2176"]
[PlyCount "43"]
[EventDate "2014.01.12"]
[WhiteTeam "The AD's"]
[BlackTeam "BCM Dragons (1)"]

1. e4 c5 2. Nc3 e6 3. f4 d5 4. Bb5+ Bd7 5. Bxd7+ Qxd7 6. exd5 exd5 7. Qe2+ Be7
8. Nf3 Nc6 9. O-O f6 10. d4 O-O-O 11. dxc5 Bxc5+ 12. Kh1 Nh6 13. Qb5 Bb6 14.
Na4 Qc7 15. Nxb6+ Qxb6 16. Qxb6 axb6 17. Bd2 Nf5 18. g4 Nd6 19. Bc3 h5 20. g5
Ne4 21. Bd4 Nxd4 22. Nxd4 1/2-1/2

[Event "4NCL Division 2b"]
[Site "Hinckley Island ENG"]
[Date "2014.01.12"]
[Round "4.65"]
[White "Coates, Kenneth G"]
[Black "Besedin, Pavel"]
[Result "1/2-1/2"]
[WhiteElo "2165"]
[BlackElo "2106"]
[PlyCount "124"]
[EventDate "2014.01.12"]
[WhiteTeam "BCM Dragons (1)"]
[BlackTeam "The AD's"]

1. e4 e5 2. Nf3 Nf6 3. Nxe5 d6 4. Nf3 Nxe4 5. Bd3 d5 6. O-O Bg4 7. c3 Nd7 8.
Re1 f5 9. Bxe4 dxe4 10. d3 Nc5 11. d4 Nd7 12. Qb3 Be7 13. Ne5 Nxe5 14. dxe5 Qc8
15. Nd2 Bh5 16. f3 Bf7 17. Qa4+ c6 18. fxe4 Bc5+ 19. Kh1 O-O 20. Nf1 fxe4 21.
Be3 Bxe3 22. Nxe3 Bg6 23. Qc4+ Kh8 24. Rad1 Re8 25. Qd4 Qe6 26. Rf1 h6 27. Nc4
b5 28. Nd6 Re7 29. Nxe4 Qxe5 30. Nc5 Qxd4 31. Rxd4 Bf7 32. a4 a6 33. h3 Bd5 34.
Rf2 Re1+ 35. Kh2 Ra1 36. axb5 axb5 37. Nd3 Rd1 38. Nb4 Rxd4 39. cxd4 Be4 40.
Re2 Re8 41. Kg3 Kg8 42. h4 g5 43. hxg5 hxg5 44. Nd3 Kg7 45. Nf2 Bg6 46. Rxe8
Bxe8 47. Nd3 Bf7 48. Kf2 Kf6 49. Ke3 Bd5 50. g3 Kf5 51. Nf2 Kf6 52. Kd3 Kf5 53.
Kc3 Ke6 54. Kb4 Kd6 55. Ng4 Be4 56. Ne3 Bd3 57. Kc3 Be4 58. b4 Ke6 59. Ng4 Bd5
60. Kd3 Bf3 61. Nf2 Kf5 62. Ke3 Bd5 1/2-1/2

[Event "4NCL Division 2b"]
[Site "Hinckley Island ENG"]
[Date "2014.01.12"]
[Round "4.66"]
[White "Anderton, David W"]
[Black "Tavares, Shawn P"]
[Result "1-0"]
[WhiteElo "2178"]
[BlackElo "2139"]
[PlyCount "78"]
[EventDate "2014.01.12"]
[WhiteTeam "The AD's"]
[BlackTeam "BCM Dragons (1)"]

1. d4 Nf6 2. c4 c5 3. d5 b5 4. Nf3 Bb7 5. a4 bxc4 6. Nc3 e6 7. e4 exd5 8. exd5
d6 9. Bxc4 Be7 10. O-O O-O 11. Re1 Re8 12. h3 Nbd7 13. a5 a6 14. Bf4 Qc7 15.
Qd3 Bf8 16. Rxe8 Nxe8 17. Ng5 Ndf6 18. Nce4 g6 19. Ra3 Rb8 20. Bd2 Bg7 21. Rb3
Nd7 22. f4 Bd4+ 23. Kh2 Ng7 24. Nf3 f5 25. Neg5 Bf6 26. Ne6 Qc8 27. Bc3 h6 28.
Nh4 Bxh4 29. Bxg7 Kh7 30. Qc3 Qg8 31. g3 Be7 32. h4 Qf7 33. Qd3 Bf6 34. Bxf6
Nxf6 35. Rb6 Ne4 36. Bxa6 Nf2 37. Qb3 Ng4+ 38. Kg1 Bxa6 39. Rxb8 Qa7 1-0

[Event "4NCL Division 2b"]
[Site "Hinckley Island ENG"]
[Date "2014.01.12"]
[Round "4.67"]
[White "Purdon, Colin"]
[Black "Bellin, Jana M"]
[Result "1-0"]
[WhiteElo "2128"]
[BlackElo "2094"]
[PlyCount "45"]
[EventDate "2014.01.12"]
[WhiteTeam "BCM Dragons (1)"]
[BlackTeam "The AD's"]

1. d4 Nf6 2. c4 c5 3. d5 e5 4. Nc3 d6 5. e4 Be7 6. g3 O-O 7. Bh3 a6 8. Bxc8
Qxc8 9. a4 Nbd7 10. Nf3 b5 11. axb5 axb5 12. Rxa8 Qxa8 13. cxb5 Ne8 14. O-O Nc7
15. Nd2 Rb8 16. Qe2 Qb7 17. Nc4 Nxb5 18. Nxb5 Qxb5 19. Qc2 Nb6 20. Ne3 Na4 21.
Bd2 g6 22. Ra1 Qxb2 23. Rxa4 1-0